[Event "SF Stadtlohn 1 - SK Ochtrup 1"]
[Site "Verbandsklasse 2015/2016"]
[Date "2016.02.20"]
[Round "6.5"]
[White "Schmerling, Janek"]
[Black "Becking, Stefan"]
[Result "1-0"]
[WhiteElo "1664"]
[BlackElo "1673"]
[PlyCount "43"]
[EventDate "2016.??.??"]
[SourceDate "2015.10.31"]

1. e4 c5 2. d4 cxd4 3. c3 Nf6 4. e5 Nd5 5. cxd4 e6 6. Nf3 Nc6 7. Bc4 Nb6 8. Bb3
d5 9. Nc3 Be7 10. O-O O-O 11. Bc2 Nd7 12. g3 a6 13. h4 f5 14. Kg2 h6 15. Rh1
Qe8 16. Be3 Qh5 17. Qd2 b5 18. Ne2 Bb7 19. Nf4 Qf7 20. g4 fxg4 21. Bg6 gxf3+
22. Kf1 1-0

[Event "SF Stadtlohn 1 - SK Ochtrup 1"]
[Site "Verbandsklasse 2015/2016"]
[Date "2016.02.20"]
[Round "6.6"]
[White "Wensing, Herbert"]
[Black "Kaiser, Günter"]
[Result "1/2-1/2"]
[WhiteElo "1668"]
[BlackElo "1631"]
[PlyCount "41"]
[EventDate "2016.??.??"]
[SourceDate "2015.10.31"]

1. e4 c5 2. Nf3 d6 3. d4 cxd4 4. Nxd4 Nf6 5. Nc3 a6 6. Be2 e5 7. Nb3 Be7 8. Be3
Be6 9. f3 O-O 10. O-O Nbd7 11. Qd2 Qc7 12. Rfd1 Rac8 13. Rac1 Nb6 14. Bd3 d5
15. exd5 Nbxd5 16. Nxd5 Nxd5 17. Bf2 Rfd8 18. Qa5 Bg5 19. Qxc7 Rxc7 20. Ra1
Rdc8 21. Be4 1/2-1/2

[Event "SF Stadtlohn 1 - SK Ochtrup 1"]
[Site "Verbandsklasse 2015/2016"]
[Date "2016.02.20"]
[Round "6.7"]
[White "Jacob, Barbara"]
[Black "Söbbing, Ulrich"]
[Result "1-0"]
[WhiteElo "1554"]
[BlackElo "1545"]
[PlyCount "21"]
[EventDate "2016.??.??"]
[SourceDate "2015.10.31"]

1. e4 c5 2. d4 cxd4 3. c3 dxc3 4. Nxc3 Nc6 5. Nf3 d6 6. Bc4 a6 7. O-O h6 8. h3
Nf6 9. e5 Nxe5 10. Nxe5 dxe5 11. Bxf7+ 1-0

[Event "SF Stadtlohn 1 - SK Ochtrup 1"]
[Site "Verbandsklasse 2015/2016"]
[Date "2016.02.20"]
[Round "6.8"]
[White "Bußwolder, Peter"]
[Black "Rotterdam, Bernhard"]
[Result "1/2-1/2"]
[WhiteElo "1735"]
[BlackElo "1457"]
[PlyCount "56"]
[EventDate "2016.??.??"]
[SourceDate "2015.10.31"]

1. d4 d5 2. c4 Nf6 3. Nc3 e6 4. Nf3 Be7 5. e3 Nbd7 6. Be2 dxc4 7. Bxc4 a6 8. a3
b5 9. Bb3 Bb7 10. O-O O-O 11. Re1 c5 12. d5 exd5 13. Nxd5 Nxd5 14. Bxd5 Bxd5
15. Qxd5 Nf6 16. Qf5 Qd5 17. Qc2 Rfd8 18. Bd2 Qe4 19. Rac1 Qxc2 20. Rxc2 c4 21.
Ba5 Rdc8 22. Nd4 Ne4 23. f3 Nc5 24. Kf1 Nd3 25. Ree2 g6 26. Red2 Bc5 27. Bc3
Re8 28. Re2 Rad8 1/2-1/2

[Event "SF Beelen 2 - SC Klein-Berlin Rheine 2"]
[Site "Verbandsklasse 2015/2016"]
[Date "2016.02.20"]
[Round "6.1"]
[White "van Dijk, Guido"]
[Black "Henke, Wolfgang"]
[Result "0-1"]
[WhiteElo "1726"]
[BlackElo "1709"]
[PlyCount "96"]
[EventDate "2016.??.??"]
[SourceDate "2015.10.31"]

1. d4 Nf6 2. Bf4 g6 3. Nf3 Bg7 4. c3 d6 5. h3 Nbd7 6. Nbd2 Nd5 7. Bg3 e5 8. e4
Nf4 9. dxe5 dxe5 10. Nc4 Qe7 11. Ne3 Nc5 12. Qc2 Be6 13. b4 Nd7 14. Rd1 O-O 15.
Bh4 Bf6 16. Bxf6 Qxf6 17. Ng4 Qe7 18. g3 Nh5 19. Bd3 f6 20. O-O Nb6 21. Kg2
Rad8 22. Ne3 Qd7 23. Bc4 Qf7 24. Bxe6 Qxe6 25. c4 c6 26. c5 Nc8 27. Qc4 Ng7 28.
a4 a6 29. g4 Kf7 30. Qc2 Qe7 31. Kg3 Ne6 32. Qc4 Kg7 33. h4 h6 34. h5 Rxd1 35.
Rxd1 Rd8 36. Rh1 Nf4 37. hxg6 Kxg6 38. Nf5 Qe6 39. Rxh6+ Kf7 40. Qf1 Ne7 41.
Rh7+ Kf8 42. Rxe7 Qb3 43. Qh1 Ne2+ 44. Kg2 Nf4+ 45. Kh2 Rd1 46. Ng1 Qg8 47. Kg3
Rxg1+ 48. Qxg1 Ne2+ 0-1

[Event "SF Beelen 2 - SC Klein-Berlin Rheine 2"]
[Site "Verbandsklasse 2015/2016"]
[Date "2016.02.20"]
[Round "6.2"]
[White "Hofene, Josef"]
[Black "Ratert, Matthias"]
[Result "1/2-1/2"]
[WhiteElo "1697"]
[BlackElo "1826"]
[PlyCount "27"]
[EventDate "2016.??.??"]
[SourceDate "2015.10.31"]

1. e4 e5 2. Nf3 Nf6 3. d4 Nxe4 4. Bd3 d5 5. Nxe5 Nd7 6. Nxd7 Bxd7 7. Qe2 Qe7 8.
Be3 g6 9. O-O Bg7 10. Re1 O-O-O 11. c4 Bc6 12. c5 f5 13. f3 Ng5 14. Na3 1/2-1/2

[Event "SF Beelen 2 - SC Klein-Berlin Rheine 2"]
[Site "Verbandsklasse 2015/2016"]
[Date "2016.02.20"]
[Round "6.3"]
[White "Hauk, Viktor"]
[Black "Fartmann, Franz-Josef"]
[Result "1/2-1/2"]
[WhiteElo "1772"]
[BlackElo "1701"]
[PlyCount "32"]
[EventDate "2016.??.??"]
[SourceDate "2015.10.31"]

1. d4 Nf6 2. c4 g6 3. Nc3 Bg7 4. e4 d6 5. Be2 O-O 6. Nf3 e5 7. O-O Nc6 8. d5
Ne7 9. b4 a5 10. Rb1 axb4 11. Rxb4 Nd7 12. Be3 b6 13. Qd2 f5 14. Bh6 Nc5 15.
Bxg7 Kxg7 16. exf5 Nxf5 1/2-1/2

[Event "SF Beelen 2 - SC Klein-Berlin Rheine 2"]
[Site "Verbandsklasse 2015/2016"]
[Date "2016.02.20"]
[Round "6.4"]
[White "Hofene, Werner"]
[Black "Brinkmann, Franz-Josef"]
[Result "0-1"]
[WhiteElo "1721"]
[BlackElo "1769"]
[PlyCount "78"]
[EventDate "2016.??.??"]
[SourceDate "2015.10.31"]

1. f4 d5 2. Nf3 c5 3. e3 Nc6 4. b3 Nf6 5. Bb2 e6 6. Be2 Be7 7. O-O a6 8. Ne5 d4
9. Bf3 Bd7 10. e4 Qc7 11. Nxd7 Qxd7 12. d3 e5 13. Bc1 O-O 14. Qe1 exf4 15. Bxf4
Bd6 16. Qg3 Bxf4 17. Qxf4 Rae8 18. Nd2 b5 19. a4 Ne5 20. axb5 axb5 21. Ra6 Ng6
22. Qg3 Re6 23. Rfa1 Rxa6 24. Rxa6 Re8 25. h4 h5 26. Qg5 Re5 27. Qg3 Qb7 28.
Rd6 Qc7 29. Ra6 Qb7 30. Ra5 Qb6 31. Ra8+ Kh7 32. Qh3 Qb7 33. Rd8 Qb6 34. Ra8
Qb7 35. Rd8 Qa7 36. Rd6 Qa1+ 37. Kh2 Qc1 38. Qc8 Qxd2 39. Ra6 Nxh4 0-1

[Event "SF Beelen 2 - SC Klein-Berlin Rheine 2"]
[Site "Verbandsklasse 2015/2016"]
[Date "2016.02.20"]
[Round "6.5"]
[White "Miethe, Christoph"]
[Black "Schemmann, Bernhard"]
[Result "0-1"]
[WhiteElo "1712"]
[BlackElo "1856"]
[PlyCount "96"]
[EventDate "2016.??.??"]
[SourceDate "2015.10.31"]

1. e4 e5 2. Nf3 Nc6 3. Bc4 Nf6 4. d4 exd4 5. O-O Nxe4 6. Re1 d5 7. Bxd5 Qxd5 8.
Nc3 Qa5 9. Nxe4 Be6 10. Neg5 O-O-O 11. Nxe6 fxe6 12. Rxe6 Bd6 13. Bd2 Qh5 14.
Re4 h6 15. Nh4 Qd5 16. Qg4+ Kb8 17. Qf5 Qc4 18. Ng6 Rhe8 19. Rxe8 Rxe8 20. Bf4
Qxa2 21. Rf1 Bxf4 22. Nxf4 Qxb2 23. Qf7 Rc8 24. Qxg7 Qxc2 25. Qxh6 Qe4 26. Rd1
Re8 27. h4 Qc2 28. Qh5 Rf8 29. Re1 a6 30. g3 d3 31. Qh6 Rd8 32. Qh5 d2 33. Rd1
Nd4 34. Ng2 Qd3 35. Ne3 Ne2+ 36. Kg2 Nc3 37. Rf1 d1=Q 38. Nxd1 Nxd1 39. Qg4 Rd4
40. Qg8+ Ka7 41. Qg7 Qe4+ 42. Kg1 Rd2 43. Qxc7 Qd5 44. Qf4 Rd3 45. Qg4 Rf3 46.
Qa4 Ne3 47. fxe3 Rxg3+ 48. Kf2 Rg2+ 0-1

[Event "SF Beelen 2 - SC Klein-Berlin Rheine 2"]
[Site "Verbandsklasse 2015/2016"]
[Date "2016.02.20"]
[Round "6.6"]
[White "Bleier, Thomas"]
[Black "Huesmann, Stephan"]
[Result "1-0"]
[WhiteElo "1651"]
[BlackElo "1705"]
[PlyCount "109"]
[EventDate "2016.??.??"]
[SourceDate "2015.10.31"]

1. e4 e5 2. Nf3 Nc6 3. Nc3 Bc5 4. Bc4 d6 5. d3 h6 6. a3 Bg4 7. h3 Bxf3 8. Qxf3
Qd7 9. Ne2 Nf6 10. Qg3 Rg8 11. O-O g5 12. Be3 g4 13. Kh2 gxh3 14. Qxh3 Ng4+ 15.
Kh1 Bxe3 16. fxe3 Rg7 17. Rf3 O-O-O 18. Raf1 Rf8 19. Ng3 Nd8 20. Nh5 Rg6 21.
Nf6 Nxf6 22. Rxf6 Qxh3+ 23. gxh3 Rxf6 24. Rxf6 h5 25. Rh6 f5 26. Rxh5 fxe4 27.
dxe4 Rf2 28. Rh8 c5 29. Bd5 Rxc2 30. Bxb7+ Kc7 31. Rh7+ Kb6 32. Bd5 Rxb2 33.
Rd7 Re2 34. Rxd8 Rxe3 35. Rxd6+ Kc7 36. Ra6 Rxh3+ 37. Kg2 Re3 38. Rxa7+ Kb6 39.
Ra8 c4 40. Kf2 Rc3 41. Ke2 Kc5 42. Kd2 Kd4 43. Ra4 Rd3+ 44. Ke2 Re3+ 45. Kf2
Rc3 46. Rxc4+ Rxc4 47. Bxc4 Kxc4 48. Ke3 Kc3 49. a4 Kb4 50. Kd3 Kxa4 51. Kc4
Ka5 52. Kd5 Kb5 53. Kxe5 Kc6 54. Ke6 Kc7 55. Ke7 1-0

[Event "SF Beelen 2 - SC Klein-Berlin Rheine 2"]
[Site "Verbandsklasse 2015/2016"]
[Date "2016.02.20"]
[Round "6.7"]
[White "Pohlmeier, Ulrich"]
[Black "Hofene, Markus"]
[Result "1/2-1/2"]
[WhiteElo "1562"]
[BlackElo "1661"]
[PlyCount "39"]
[EventDate "2016.??.??"]
[SourceDate "2015.10.31"]

1. d4 Nf6 2. c4 e6 3. g3 d5 4. Bg2 c6 5. Qc2 Bb4+ 6. Bd2 Qe7 7. a3 Bxd2+ 8.
Nxd2 O-O 9. Ngf3 Nbd7 10. O-O e5 11. cxd5 cxd5 12. dxe5 Nxe5 13. e3 Bg4 14. Nd4
Rac8 15. Qb3 Be6 16. Rac1 Rfe8 17. Rc3 Rxc3 18. Qxc3 Rc8 19. Qb3 Qd7 20. Nxe6
1/2-1/2

[Event "SF Beelen 2 - SC Klein-Berlin Rheine 2"]
[Site "Verbandsklasse 2015/2016"]
[Date "2016.02.20"]
[Round "6.8"]
[White "Leismann, Franz-Josef"]
[Black "van Dam, Hans"]
[Result "1/2-1/2"]
[WhiteElo "1546"]
[BlackElo "1563"]
[PlyCount "70"]
[EventDate "2016.??.??"]
[SourceDate "2015.10.31"]

1. d4 Nf6 2. c4 e6 3. Nc3 d5 4. Nf3 h6 5. e3 c5 6. Bd3 dxc4 7. Bxc4 cxd4 8.
exd4 Bd6 9. O-O O-O 10. Bb3 Nc6 11. d5 exd5 12. Nxd5 Bg4 13. h3 Bh5 14. Bf4
Bxf3 15. Qxf3 Nd4 16. Qd3 Bxf4 17. Qxd4 Nxd5 18. Bxd5 Bg5 19. Qe4 Rb8 20. Rad1
Qb6 21. Bb3 Rbd8 22. Rxd8 Qxd8 23. Qxb7 Qd4 24. Rd1 Qc5 25. Qf3 Bf6 26. Qe2 Qb6
27. Qf3 Qc7 28. Rb1 Bd4 29. Qe2 Bb6 30. Bc4 g6 31. b3 Qf4 32. Rf1 Qf6 33. a4 g5
34. Qe4 Bc5 35. Qc2 Bb4 1/2-1/2